LEADER 01093nam a2200253 i 4500 001 000000192170 003 CaOOAMICUS 005 20100910000000.0 008 100910s2009 it u000 u ita u 013 $a170743 040 $aSeMil$bita 245 10$a[Anno del Santo Crocifisso :$b2009] /$cA cura di Luciano Marzorati ; grafica e impaginazione [di] Alberto Longoni. 250 $aEd. fuori commercio. 260 $a[S.l. :$bs.n.],$c2009. 300 $a46 p. :$briccamente ill. ;$c33 cm. 500 $aTitolo preso dalla copertina. 650 4$aCastano Primo - Chiese - San Zenone Vescovo e Martire - Crocifisso.$0(OLS)http://semarc/subject/34429 700 1 $aLongoni, Alberto.$0(OLS)http://semarc/name/70083 700 1 $aMarzorati, Luciano.$0(OLS)http://semarc/name/70082 850 $aSeMil 852 $aSeMil$W1$xVenegono$y1$m3P VI 393$j142746$B142746$CSeMilBibl$Z2$F154760 $81 961 $aOmaggio: Tremolada don Pierantonio 996 $6245$a[Anno del Santo Crocifisso :$b2009]$9(OLS)http://semarc/title/276903 996 $6260$a[S.l. :$bs.n.]$9(OLS)http://semarc/publisher/29751 LEADER 00527nab a2200145 i 4500 001 000000310605 003 CaOOAMICUS 005 20180831173017.0 008 180831n xx uu u0 0und r 013 $a19697 040 $aSeMil$bita 100 1 $aBallerini, Giuseppe,$d<1857-1933>.$0(OLS)http://semarc/name/22098 245 10$aAntonio Fogazzaro. L?evoluzione e la dottrina cattolica. 773 0 $t[Gennaio-Giugno].$g318-337$w()274030 996 $6245$aAntonio Fogazzaro. L?evoluzione e la dottrina cattolica$9(OLS)http://semarc/title/385364